| Record ID | ia:lastelaranasdeca0000whit |
| Source | Internet Archive |
| Download MARC XML | https://archive.org/download/lastelaranasdeca0000whit/lastelaranasdeca0000whit_marc.xml |
| Download MARC binary | https://www.archive.org/download/lastelaranasdeca0000whit/lastelaranasdeca0000whit_meta.mrc |
LEADER: 01246cam 2200373M 4500
001 on1003756067
003 OCoLC
005 20190925203947.0
008 170915s2000 nyu 000 1 und d
040 $aALPEL$beng$cALPEL$dOCLCO$dOCLCQ
020 $a0833573454
020 $a9780833573452
035 $a(OCoLC)1003756067
100 1 $aWhite, E. B.$q(Elwyn Brooks),$d1899-1985.
245 10 $aLas telaranas de Carlota (Charlotte's web)$cby E.B. White; pictures by Garth Williams; watercolors of Garth Williams artwork by Rosemary Wells; with an afterword by Peter F. Neumeyer.
250 $aSpanish.
260 $aNew York$bMundo Magico$c2000.
300 $a154 pages ;$c22 cm
336 $atext$btxt$2rdacontent
337 $aunmediated$bn$2rdamedia
338 $avolume$bnc$2rdacarrier
500 $aNewbery Honor Book.
500 $aOriginally published 1952.
526 0 $aAccelerated Reader$bMG$c4.4$d5.0$z19.
650 4 $aSpanish stories.
650 4 $aFantasy.
650 4 $aFarms$vFiction.
650 4 $aAnimals$vFiction.
650 4 $aSpiders$vFiction.
650 4 $aPigs$vFiction.
650 4 $aAward winning books.
700 1 $aWilliams, Garth, ill.
994 $aZ0$bP4A
948 $hNO HOLDINGS IN P4A - 1 OTHER HOLDINGS